000 00380nam a2200145Ia 4500
008 231129s1996||||xx |||||||||||||| ||spa||
020 _a968-422-283-1
040 _bspa
082 _a658 K82e
100 _aKoontz Harold
245 0 _aElementos de administración
260 _c1996
264 _aMéxico : McGraw-Hill
942 _2ddc
_cBKS
999 _c12752
_d12752